Najpopularniejsi raperzy w tym tygodniu . 07-13.05 - Statystyki

Ogólne statystyki
  • Ten quiz został rozwiązany 19 razy
  • Średni wynik to 9 z 15
Statystyki odpowiedzi
Miejsce w poprzednim tygodniu Wyświetlenia Raper % Poprawnych
#4 4.13M Mata
94%
#15 5.71M White 2115
94%
#5 3.64M Bedoes
88%
#8 6.95M Oki
81%
#1 14.50M Sobel
81%
#3 8.48M Young Igi
81%
#26 5.19M Białas
75%
#2 4.49M Kizo
75%
#13 6.75M Otsochodzi
63%
#10 3.14M Szpaku
56%
#9 3.27M Guzior
50%
#11 3.15M Tymek
38%
#7 2.77M Wac Toja
31%
#16 3.30M KęKę
19%
#6 3.08M Major SPZ
6%
Nie znaleziono quizów pasujących do podanych kryteriów
Rozkład punktacji
Procent ludzi z każdym wynikiem
Percentyl według liczby udzielonych odpowiedzi
Twoja historia wyników
Nie rozwiązałeś tego quizu